Bam, bam, bam / (Record no. 356)

MARC details
000 -LEADER
fixed length control field 01304nam a22003617a 4500
001 - CONTROL NUMBER
control field 356
003 - CONTROL NUMBER IDENTIFIER
control field FISKH
005 - DATE AND TIME OF LATEST TRANSACTION
control field 20230328162824.0
008 - FIXED-LENGTH DATA ELEMENTS--GENERAL INFORMATION
fixed length control field 230328b cb ||||| |||| 00| 0 eng d
020 ## - INTERNATIONAL STANDARD BOOK NUMBER
International Standard Book Number 0590623990
040 ## - CATALOGING SOURCE
Original cataloging agency DLC
Transcribing agency DLC
Modifying agency DLC
-- FISKH
Language of cataloging eng
042 ## - AUTHENTICATION CODE
Authentication code lcac
050 00 - LIBRARY OF CONGRESS CALL NUMBER
Classification number PS3525.E639
Item number B25 1995
082 00 - DEWEY DECIMAL CLASSIFICATION NUMBER
Classification number 811/.54
Edition number 20
100 1# - MAIN ENTRY--PERSONAL NAME
Personal name Merriam, Eve,
Dates associated with a name 1916-1992.
245 10 - TITLE STATEMENT
Title Bam, bam, bam /
Statement of responsibility, etc. written by Eve Merriam ; illustrated by Dan Yaccarino.
250 ## - EDITION STATEMENT
Edition statement First Scholastic Printing, January 1996
260 ## - PUBLICATION, DISTRIBUTION, ETC.
Place of publication, distribution, etc. New York :
Name of publisher, distributor, etc. Scholastic.
Date of publication, distribution, etc. 1996.
300 ## - PHYSICAL DESCRIPTION
Extent 16 leaves of plates :
Other physical details col. ill. ;
Dimensions 26 cm.
500 ## - GENERAL NOTE
General note "A Bill Martin book."
505 ## - FORMATTED CONTENTS NOTE
Formatted contents note D
520 ## - SUMMARY, ETC.
Summary, etc. In this noisy poem, a wrecking ball demolishes old houses and stores to make way for a skyscraper.
521 8# - TARGET AUDIENCE NOTE
Target audience note 250 <br/>
Source Lexile estimate
521 8# - TARGET AUDIENCE NOTE
Target audience note D <br/>
Source Raz-Plus estimate
650 #0 - SUBJECT ADDED ENTRY--TOPICAL TERM
Topical term or geographic name entry element Wrecking
General subdivision Juvenile poetry.
650 #0 - SUBJECT ADDED ENTRY--TOPICAL TERM
Topical term or geographic name entry element Children's poetry, American.
650 #1 - SUBJECT ADDED ENTRY--TOPICAL TERM
Topical term or geographic name entry element Wrecking
General subdivision Poetry.
650 #1 - SUBJECT ADDED ENTRY--TOPICAL TERM
Topical term or geographic name entry element American poetry.
700 1# - ADDED ENTRY--PERSONAL NAME
Personal name Yaccarino, Dan,
Relator term ill.
906 ## - LOCAL DATA ELEMENT F, LDF (RLIN)
a 7
b cbc
c orignew
d 1
e ocip
f 19
g y-gencatlg
942 ## - ADDED ENTRY ELEMENTS (KOHA)
Source of classification or shelving scheme Dewey Decimal Classification
Koha item type Books
Suppress in OPAC No
Holdings
Withdrawn status Lost status Source of classification or shelving scheme Damaged status Not for loan Collection Home library Current library Shelving location Date acquired Total Checkouts Full call number Barcode Date last seen Date last checked out Price effective from Koha item type
    Dewey Decimal Classification     Juvenile Fiction Footprints International School Library Network Toul Kork Campus Footprints International School Library Network Toul Kork Campus TK Primary Library Room(4th Floor), Bookcase 7, Shelves 57-60, Dark Green Books 03/28/2023 1 MER 811.54 PS3525.E639 FISBK05609 09/06/2023 08/30/2023 03/28/2023 Books